015770000a2200181000450000100060000002000180000604100080002408200180003210000220005024500960007226000360016830000150020450510620021965000260128133600270130733700330133433800280136714507 a987-1105-94-00 aSPA04aG 306.6 C577m1 aCipriani, Roberto10aManual de sociología de la religión / Roberto Cipriani ; Verónica Roldán, Traductor aBuenos Aires : Siglo Veintiuno a359 Pág.00aPrimera Parte: Los Orígenes: I. Las raíces histórico-filosóficas II. La religión universal de Comte III. Religión y democracia según Tocqueville IV. Religión y "energía vital" en Bergson V. El aporte antropológico. Segunda Parte: Los Clásicos: I. Las formas religiosas de Durkheim II. Las religiones universales de Weber III. Religiosidad y religión en Simmel IV. La dimensión psíquica de la religión según Freud V. La religión en la perspectiva psicosocial de James. Tercera Parte: Los Contemporáneos: I La religión como nicho universal. II. El enfoque macrosociológico III. La dinámica histórico-cultural IV. La religión según la Escuela de Frankfurt. V. La nuevas propuestas europeas. VI. Las perspectivas socioantropológicas. Cuarta Parte: Los desarrollos recientes: I. La secularización. II. El pluralismo religioso III. La religión civil de Bellah IV. Las corrientes norteamericanas V. Las corrientes europeas VI. La religión como función en Luhmann. VII. Los nuevos movimientos religiosos14aRELIGION Y SOCIOLOGIA atextobtxt2rdacontent 2rdamediaasin mediaciónbn 2rdacarrieravolumenbnc